El pollito amarillo / (Record no. 29733)

MARC details
000 -LEADER
fixed length control field 00536 a2200217 4500
001 - CONTROL NUMBER
control field sjds
003 - CONTROL NUMBER IDENTIFIER
control field sjds
005 - DATE AND TIME OF LATEST TRANSACTION
control field 20240604172441.0
008 - FIXED-LENGTH DATA ELEMENTS--GENERAL INFORMATION
fixed length control field 240604b |||||||| |||| 00| 0 spa d
020 ## - INTERNATIONAL STANDARD BOOK NUMBER
International Standard Book Number 799070590411
024 ## - OTHER STANDARD IDENTIFIER
Source of number or code UPC
Standard number or code 799070590411
040 ## - CATALOGING SOURCE
Transcribing agency sjds
041 ## - LANGUAGE CODE
Language code of text/sound track or separate title spa
100 ## - MAIN ENTRY--PERSONAL NAME
Personal name Cowley, Joy
245 13 - TITLE STATEMENT
Title El pollito amarillo /
Statement of responsibility, etc. Joy Cowley
246 ## - VARYING FORM OF TITLE
Title proper/short title El pollito amarillo
260 ## - PUBLICATION, DISTRIBUTION, ETC. (IMPRINT)
Place of publication, distribution, etc. Bothell, WA :
Name of publisher, distributor, etc. The Wright Group,
Date of publication, distribution, etc. 1999
300 ## - PHYSICAL DESCRIPTION
Extent 1 vol
440 ## - SERIES STATEMENT/ADDED ENTRY--TITLE
Title Sunshine in Spanish.
Number of part/section of a work Grade 1
942 ## - ADDED ENTRY ELEMENTS (KOHA)
Koha item type Libro/Book
Holdings
Withdrawn status Lost status Damaged status Not for loan Home library Current library Date acquired Inventory number Total Checkouts Full call number Barcode Date last seen Date checked out Price effective from Koha item type
        San Juan Del Sur -- Mobile San Juan Del Sur -- Mobile 03/05/2024 Inventory date: 10-2-25 1 JI 33005034 20/11/2024 29/05/2024 03/05/2024 Libro/Book
        San Juan Del Sur -- Mobile San Juan Del Sur -- Mobile 04/06/2024 Inventory date: 10-2-25 2 JI 33014933 07/11/2024 09/10/2024 04/06/2024 Libro/Book

Powered by Koha